Name all Administrators of NASA - Statistics

General Stats
  • This quiz has been taken 8 times
  • The average score is 11 of 28
Answer Stats
Time Served President(s) Administrator % Correct
February 14, 1961 - October 7, 1968 John F. Kennedy, Lyndon B. Johnson James E. Webb
100%
May 3, 2021 - January 20, 2025 Joe Biden Bill Nelson
88%
Nominee Jared Isaacman
88%
July 17, 2009 - January 20, 2017 Barack Obama Charles Bolden
63%
April 1, 1992 - November 17, 2001 George H.W. Bush, Bill Clinton, George W. Bush Daniel Goldin
50%
October 8, 1968 - September 15, 1970 Lyndon B. Johnson, Richard Nixon Thomas O. Paine
50%
(Acting) February 11, 2005 - April 14, 2005 George W. Bush Frederick D. Gregory
38%
(Acting) January 21, 1961 - February 14, 1961 John F. Kennedy Hugh Dryden
38%
April 26, 1971 - May 1, 1977 Richard Nixon, Gerald Ford, Jimmy Carter James C. Fletcher
38%
May 12, 1986 - April 8, 1989 Ronald Reagan, George H.W. Bush James C. Fletcher
38%
July 10, 1981 - December 4, 1985 Ronald Reagan James M. Beggs
38%
April 23, 2018 - January 20, 2021 Donald Trump Jim Bridenstine
38%
(Acting) January 20, 2017 - April 23, 2018 Donald Trump Robert M. Lightfoot Jr.
38%
(Acting) July 9, 2025 - Present Donald Trump Sean Duffy
38%
August 19, 1958 - January 20, 1961 Dwight D. Eisenhower T. Keith Glennan
38%
(Acting) December 4, 1985 - May 11, 1986 Ronald Reagan William Graham
38%
(Acting) May 2, 1977 - June 20, 1977 Jimmy Carter Alan M. Lovelace
25%
(Acting) January 21, 1981 - July 10, 1981 Ronald Reagan Alan M. Lovelace
25%
(Acting) September 16, 1970 - April 26, 1971 Richard Nixon George Low
25%
(Acting) January 20, 2025 - July 9, 2025 Donald Trump Janet Petro
25%
April 14, 2005 - January 20, 2009 George W. Bush Michael D. Griffin
25%
June 21, 1977 - January 20, 1981 Jimmy Carter Robert A. Frosch
25%
December 21, 2001 - February 11, 2005 George W. Bush Sean O'Keefe
25%
(Acting) January 20, 2009 - July 17, 2009 Barack Obama Christopher Scolese
13%
(Acting) April 8, 1989 - May 13, 1989 George H.W. Bush Dale D. Myers
13%
(Acting) November 19, 2001 - December 21, 2001 George W. Bush Daniel Mulville
13%
May 13, 1989 - March 31, 1992 George H.W. Bush Richard H. Truly
13%
(Acting) January 20, 2021 - May 3, 2021 Joe Biden Steve Jurczyk
13%
No matching quizzes found
Score Distribution
Percent of People with Each Score
Percentile by Number Answered
Your Score History
You have not taken this quiz